| 000 | 00359cam a2200145ua 4500 | ||
|---|---|---|---|
| 041 |
_aeng _h |
||
| 082 |
_a891.2 _bKUN/SU |
||
| 100 | _aKunha , Raja . | ||
| 245 |
_aSurvey of Sanskrti Literature / _cKunhan Raja. _hTextual Documents |
||
| 260 |
_a : _bBhartiya Vidya Bhavan , _c1962. |
||
| 300 | _a364 ; . | ||
| 504 | _a | ||
| 942 | _cBK | ||
| 999 |
_c3469 _d3469 |
||